Quizzes
Events
Quiz Creation
Community
Videos
Private Events
Remove Ads
Sign In
Join for FREE
Feedback
Dark Mode
Quiz Categories
Sports
Geography
Music
Movies
Television
Just For Fun
Miscellaneous
History
Literature
Language
Science
Gaming
Entertainment
Religion
Holiday
For Kids
Quiz Lab
Recent
Popular Today
Quiz Kudos Today
Editor Picks
Curator Picks
Quizzes by...
Day
Popularity
Type
Ratings
Length
Year
Community
Subscriptions
Recent Discussions
Orange Saloon
Badges
Playlists
Quests
Create
Leaderboards
Showdown
Live 5
Trivia Bingo
Activity
Puzzle Library
Sporcle Events
Private Events
Virtual Trivia
Globe League
Become a Host
Pub Owners
SporcleCon
Opinionation
Our Games
Videos
Blog
Mobile Apps
Partnerships
Remove Ads and Go Orange
Feedback
Just For Fun
Clickable
Get the Picture
Humor
Quick Pick
Word Ladder
Missing Word
Mixed Word
Blitz
Minefield
This or That
Alphabet
Color
Typing
Sporcle
Puzzle
Word Play
Follow That Line
Logic
Just For Fun
Clickable
Get the Picture
Humor
Quick Pick
Word Ladder
Missing Word
Mixed Word
Blitz
Minefield
This or That
Alphabet
Color
Typing
Sporcle
Puzzle
Word Play
Follow That Line
Logic
Random Quiz
Search Sporcle
×
Quiz Lab
Quiz Lab
Just For Fun
kid
Type in answers that appear in a list
Type in answers that appear in a list
Classic
Best Score? Go Orange.
Questions for Kids Stats
Can you name the Questions for Kids!?
By
BoboBandito
10m
15 Questions
329 Plays
329 Plays
329 Plays
Comments
Comments
Give Quiz Kudos
Give Quiz Kudos
-
- Ratings
hide this ad
Replay
Link that replays current quiz
Next Quiz
Link to next quiz in quiz playlist
You Got
0%
They Got
Avg Score
83%
Avg Friend Score
Upgrade to see
Score Distribution
Jump to the score distribution portion of the page
Score
0/15
Timer
10:00
0
Plays Today
Question
% Correct
What color is Kermit the Frog?
Green
100%
Which season is missing: Spring, Fall and Winter.
Summer
94.2%
Who leaves money under your pillow when a tooth falls out?
Tooth Fairy
90.3%
How many months are in a year?
12
90%
On Halloween, what do you say when you knock on someones door?
Trick or Treat
88.8%
In what city is the Empire State Building located?
New York
88.4%
In which month is Christmas?
December
88.1%
How many states are in the USA?
50
88.1%
Question
% Correct
What is the name of the game where you have to get three X's or O's in a row?
Tic Tac Toe
86.9%
When you score in a hockey game what is it called?
Goal
82.1%
What other name does Hanna Montana go by?
Miley Cyrus
80.5%
According to Disney, where do all dogs go to?
Heaven
79%
Which reindeer is missing: Dasher, Dancer, Prancer, Vixen, Comet, Donder, Blitzen and Rudolph.
Cupid
75.4%
In baseball, how many outs does each team get in one inning?
Three
68.1%
When someone says 'Gotta Catch em All' what are they talking about?
Pokemon
56.2%
Quiz Playlist
Details
Report
Send in Message
Add To Playlist
Classic:
Type in answers that appear in a list
Last Updated: Feb 16, 2017
Quiz Scoreboard
CHALLENGE
Sign Up to Join the Scoreboard
Show All
Scores
Hide
Comments
May contain spoilers
Recently Published
One Thing in Common: World Cities II
by knightlancer
Geography
7m
Popular People in 1961
by mucciniale
History
6m
1-10 Letter E Words III
by El_Dandy
Language
2m
More to Explore
Quiz From the Vault
Featured Blog Post
Where Did the Easter Bunny Come From?
hide this ad
You Might Also Like...
Tags
kid
Today's Top Quizzes in Just For Fun
Browse Just For Fun
hide this ad
Today's Top Quizzes in kid
Browse kid
Top Contributed Quizzes in Just For Fun
1
Harry Potter Logic - 'In Chains' II
2
Survivor Winners Logic Puzzle
3
Crossword Whiteout! 49
4
Letter's Position in the Alphabet Blitz
5
K-Pop Idol Olympics Logic Quiz II
6
Tapa Puzzle
7
Thermometer Puzzle 25
8
Aquarium Logic Puzzle 17
9
Clickable 1 to 100 Minefield
10
Word Ladder: Ahoy Matey
Explore More
Trending Topics
Kpop
Disney
Crossword
Marvel
NBA
Anime
Harry Potter
Soccer
Pokémon
Puzzle
NFL
The Office
Country
Song
WWE
hide this ad
More By:
BoboBandito
Quiz
Plays
Rating
Category
Featured
Created
Basic Harry Potter Knowledge.
801
4.50
Movies
Jul 9, 2011
Questions for Kids
329
2.20
Just For Fun
Dec 28, 2010
Verbose Beatles Song Titles
187
3.00
Music
Dec 15, 2010
Name that metal band
123
2.00
Music
Dec 18, 2010
Go to Creator's Profile
Score Distribution
Quiz Creator Spotlight
BoboBandito
Follow
Send a Message
Quizzes Created
-
Created Quiz Play Count
-
More By This Creator
Popular Quizzes Today
1
Find the US States - No Outlines Minefield
2
The Countries of the World
3
Popular People in 1961
4
Find the Countries of Europe - No Outlines Minefield
5
1-10 Letter E Words III
6
Find the US States
7
One Thing in Common: World Cities II
8
US States
More Just For Fun Quizzes
Word Ladder: DC Comics
Published
Trending Quizzes
Country Music Stars Doing Things
Get the Picture: Carrie or Dolly
1-10 Letter F Words
1-10 Letter G Words
Risky Map Clicking: Next State Alphabetically
Recently Updated
Leaping Animals
pecheneg
Reality TV Shows (A-Z)
bhenderson79
Rickey Henderson's Hall of Fame Teammates
pecheneg
Champions League XIs: Arsenal
pecheneg
Quick Pick: Celebrities in WWE's Hall of Fame
aduchscher
A-Z Keypad Blitz II
pecheneg
Multiple Oscar Actors
pecheneg
Mystery Phrase Blitz: Oscar 'Best Actors'
pecheneg
F. Scott Fitzgerald Novels
LTH
Pick 3 Villains
ddd62291
Trending Topics
Disney
NBA
Harry Potter
Kpop
Anime
Marvel
Crossword
WWE
Soccer
Country
The Office
Song
NFL
Pokémon
Puzzle
Your Account Isn't Verified!
In order to create a playlist on Sporcle, you need to verify the email address you used during registration. Go to your
Sporcle Settings
to finish the process.
Report this User
Report this user for behavior that violates our
Community Guidelines
.
Details:
Send Report
Go to the Sporcle.com Mobile Site →
Comments